Public law and political change in Kenya : (Record no. 13772)

MARC details
000 -LEADER
fixed length control field 00959cam a22002652 4500
001 - CONTROL NUMBER
control field 0000020078
005 - DATE AND TIME OF LATEST TRANSACTION
control field 20151217155905.0
008 - FIXED-LENGTH DATA ELEMENTS--GENERAL INFORMATION
fixed length control field 110628s xx 000 0 eng d
040 ## - CATALOGING SOURCE
Original cataloging agency KABU
Transcribing agency KABU
100 1# - MAIN ENTRY--PERSONAL NAME
Personal name Ghai, Y. P.
-- 0000180141
245 10 - TITLE STATEMENT
Title Public law and political change in Kenya :
Remainder of title a study of the legal framework of government from colonial times to the present /
Statement of responsibility, etc. Y. P. Ghai and J. P. W. B. McAuslan.
250 ## - EDITION STATEMENT
Edition statement 1st ed.
260 ## - PUBLICATION, DISTRIBUTION, ETC. (IMPRINT)
Place of publication, distribution, etc. Nairobi :
Name of publisher, distributor, etc. O. U. P.,
Date of publication, distribution, etc. 1970.
300 ## - PHYSICAL DESCRIPTION
Extent pp. 258 - 309.
500 ## - GENERAL NOTE
General note Photocopy.
650 #0 - SUBJECT ADDED ENTRY--TOPICAL TERM
Topical term or geographic name as entry element Public law
Geographic subdivision Kenya.
-- 0000180142
651 #0 - SUBJECT ADDED ENTRY--GEOGRAPHIC NAME
Geographic name Kenya
General subdivision Politics and government.
-- 0000149793
700 1# - ADDED ENTRY--PERSONAL NAME
Personal name McAuslan, J. P. W. B.
-- 0000178056
908 ## - PUT COMMAND PARAMETER (RLIN)
Put command parameter 110628
950 ## - LOCAL HOLDINGS (RLIN)
-- 1
Holdings
Withdrawn status Lost status Source of classification or shelving scheme Not for loan Home library Current library Date acquired Total Checkouts Full call number Barcode Date last seen Price effective from Koha item type
    Library of Congress Classification   Kabarak, Main Campus Kabarak, Main Campus 17/12/2015   KSK1710 .G43 1970 c. 1 19017 17/12/2015 17/12/2015 Africana Collection
    Library of Congress Classification   Kabarak, Main Campus Kabarak, Main Campus 17/12/2015   KSK1710 .G43 1970 c. 2 19014 17/12/2015 17/12/2015 Africana Collection
    Library of Congress Classification   Kabarak, Main Campus Kabarak, Main Campus 17/12/2015   KSK1710 .G43 1970 c. 3 19016 17/12/2015 17/12/2015 Africana Collection
Designed with assistance from East African Informatics Ltd